Quizzes
Events
Quiz Creation
Community
Videos
Private Events
Remove Ads
Sign In
Join for FREE
Feedback
Dark Mode
Quiz Categories
Sports
Geography
Music
Movies
Television
Just For Fun
Miscellaneous
History
Literature
Language
Science
Gaming
Entertainment
Religion
Holiday
For Kids
Quiz Lab
Recent
Popular Today
Quiz Kudos Today
Editor Picks
Curator Picks
Quizzes by...
Day
Popularity
Type
Ratings
Length
Year
Community
Subscriptions
Recent Discussions
Orange Saloon
Badges
Playlists
Quests
Create
Leaderboards
Showdown
Live 5
Trivia Bingo
Activity
Puzzle Library
Sporcle Events
Private Events
Virtual Trivia
Globe League
Become a Host
Pub Owners
SporcleCon
Opinionation
Our Games
Videos
Blog
Mobile Apps
Partnerships
Remove Ads and Go Orange
Feedback
Music
Pop Music
The Beatles
Song
Album
Lyrics
Bands
Singers
Artist
Clip
Rock
Rap
Classical
Billboard
Country Music
Kpop
Taylor Swift
Music
Pop Music
The Beatles
Song
Album
Lyrics
Bands
Singers
Artist
Clip
Rock
Rap
Classical
Billboard
Country Music
Kpop
Taylor Swift
Random Quiz
Search Sporcle
×
Quiz Lab
Quiz Lab
Music
Song
Type in answers that appear in a list
Type in answers that appear in a list
Classic
Best Score? Go Orange.
Songs With Days In the Title Stats
Can you name the Song With a Day In the Title?
By
kumike47
5m
20 Questions
105 Plays
105 Plays
105 Plays
Comments
Comments
Give Quiz Kudos
Give Quiz Kudos
-
- Ratings
hide this ad
Replay
Link that replays current quiz
Next Quiz
Link to next quiz in quiz playlist
You Got
0%
They Got
Avg Score
33%
Avg Friend Score
Upgrade to see
Score Distribution
Jump to the score distribution portion of the page
Score
0/20
Timer
05:00
0
Plays Today
Artist
Song
% Correct
U2
Sunday Bloody Sunday
82.9%
Rolling Stones
Ruby Tuesday
72.4%
Bay City Rollers
Saturday Night
67.6%
The Bangles
Manic Monday
57.1%
The Cure
Friday I'm In Love
55.2%
Mamas and the Papas
Monday, Monday
51.4%
Elton John
Saturday Nights Alright For Fighting
47.6%
Boomtown Rats
I Don't Like Mondays
42.9%
Lynyrd Skynyrd
Tuesdays Gone
34.3%
New Order
Blue Monday
33.3%
Artist
Song
% Correct
Chicago
Saturday In the Park
29.5%
No Doubt
Sunday Morning
21.9%
Moody Blues
Tuesday Afternoon
15.2%
The Monkees
Pleasant Valley Sunday
13.3%
Fleetwood Mac
Monday Morning
11.4%
Blondie
Sunday Girl
9.5%
Cat Stevens
Another Saturday Night
7.6%
Simon and Garfunkel
Wednesday Morning, 3 a.m.
6.7%
Morirssey
Every Day is Like Sunday
4.8%
David Bowie
Thursdays Child
1.9%
Quiz Playlist
Details
Report
Send in Message
Add To Playlist
Classic:
Type in answers that appear in a list
Last Updated: Feb 16, 2017
Quiz Scoreboard
CHALLENGE
Sign Up to Join the Scoreboard
Show All
Scores
Hide
Comments
May contain spoilers
Recently Published
Popular People in 1961
by mucciniale
History
6m
1-10 Letter E Words III
by El_Dandy
Language
2m
One Thing in Common: World Cities II
by knightlancer
Geography
7m
More to Explore
Quiz From the Vault
Featured Blog Post
Where Did the Easter Bunny Come From?
hide this ad
You Might Also Like...
Tags
Song Quiz
inthe
Today's Top Quizzes in Music
Browse Music
hide this ad
Today's Top Quizzes in Song
Browse Song
Top Contributed Quizzes in Music
1
Taylor Swift All Songs (2024)
2
2010s Album by Cover III
3
One Thing in Common: Music
4
Taylor Swift Logic Puzzle
5
Guess the Artist- 70s Songs
6
2010s Album by Cover IV
7
Guess the Taylor Swift song (Mystery Song)
8
2010s Album by Cover V
9
Lana Del Rey Discography (BTD to DYKTTATUOB)
10
2010s Album by Cover VI
Explore More
Trending Topics
Anime
Disney
Marvel
Harry Potter
Crossword
Kpop
NBA
Puzzle
Song
Country
Soccer
NFL
Pokémon
The Office
WWE
hide this ad
More By:
kumike47
Quiz
Plays
Rating
Category
Featured
Created
Top Selling Christmas Gifts By Year
410
5.00
Holiday
Aug 19, 2010
Disney Oscar Nominations Since 1940
371
2.38
Movies
Sep 10, 2010
Top Chicago Bulls Scorers
298
4.00
Sports
Aug 16, 2010
NCAA Basketball Champion Leading Scorer
264
Sports
Aug 16, 2010
Top Earning College Degrees
111
4.50
Miscellaneous
Aug 18, 2010
Go to Creator's Profile
Score Distribution
Quiz Creator Spotlight
kumike47
Follow
Send a Message
Quizzes Created
-
Created Quiz Play Count
-
More By This Creator
Popular Quizzes Today
1
Find the US States - No Outlines Minefield
2
Find the Countries of Europe - No Outlines Minefield
3
The Countries of the World
4
Popular People in 1961
5
1-10 Letter E Words III
6
Find the US States
7
One Thing in Common: World Cities II
8
US States
More Music Quizzes
3 Mozart religious works
Quiz Lab
Trending Quizzes
Risky Map Clicking: Least Populous States A-Z
1-10 Letter F Words
1-10 Letter G Words
One Thing in Common: United Kingdom
Risky Map Clicking: Next State Alphabetically
Recently Updated
Leaping Animals
pecheneg
Reality TV Shows (A-Z)
bhenderson79
Rickey Henderson's Hall of Fame Teammates
pecheneg
Champions League XIs: Arsenal
pecheneg
Quick Pick: Celebrities in WWE's Hall of Fame
aduchscher
A-Z Keypad Blitz II
pecheneg
Multiple Oscar Actors
pecheneg
Mystery Phrase Blitz: Oscar 'Best Actors'
pecheneg
F. Scott Fitzgerald Novels
LTH
Pick 3 Villains
ddd62291
Trending Topics
Anime
Crossword
Kpop
Disney
Harry Potter
Marvel
NBA
NFL
WWE
Puzzle
The Office
Song
Soccer
Pokémon
Country
Your Account Isn't Verified!
In order to create a playlist on Sporcle, you need to verify the email address you used during registration. Go to your
Sporcle Settings
to finish the process.
Report this User
Report this user for behavior that violates our
Community Guidelines
.
Details:
Send Report
Go to the Sporcle.com Mobile Site →
Comments